000 00494nam a22001937a 4500
005 20210925045217.0
008 210925b ||||| |||| 00| 0 eng d
020 _a8190241613
040 _cAloy
041 _aEnglish
082 _223
_a364.132
_bBANI
100 _aS C Bansal
_9311
245 _aInvisible wound
260 _aNew Delhi
_bS C Bansal
_c2004
300 _axiv,330p.
_bHB
_c24x17.5cm
365 _b₹800.00
_c
_d₹800.00
700 _aBANSAL (S C)
_9312
942 _2ddc
_cGF
999 _c216376
_d216376